I am my own wife: studies for a play about the life of Charlotte von Mahlsdorf : a play /
محفوظ في:
| المؤلف الرئيسي: | |
|---|---|
| التنسيق: | كتاب |
| اللغة: | الإنجليزية |
| منشور في: |
New York :
Faber and Faber,
c2004
|
| الوسوم: |
لا توجد وسوم, كن أول من يضع وسما على هذه التسجيلة!
|
MARC
| LEADER | 00000nam a22000007i 4500 | ||
|---|---|---|---|
| 001 | IT\ICCU\UBO\2424282 | ||
| 003 | ItRI | ||
| 005 | 20260115231819.0 | ||
| 008 | 040422s2004 xxu|||||| ||||| |||||c | ||
| 020 | |a 0571211747 (pbk) | ||
| 040 | |b ita |c importazione bologna sebina | ||
| 041 | 7 | |a eng |2 ISO-639-2 | |
| 100 | 1 | |a Wright, Dough |0 IT\ICCU\UBOV\871766 |4 aut | |
| 245 | 1 | 0 | |a I am my own wife: studies for a play about the life of Charlotte von Mahlsdorf : |b a play / |c by Dough Wright. |
| 260 | |a New York : |b Faber and Faber, |c c2004 | ||
| 300 | |a 80 p. ; |c 21 cm. | ||
| 942 | |2 ddc |c BK |n 0 | ||
| 952 | |0 0 |1 0 |4 0 |6 T_812_540000000000000_WRI |7 0 |9 13316 |a BO |b BO |d 2026-01-15 |i 8116 |l 0 |o T 812.54 WRI |p BO8116 |r 2026-01-15 23:18:19 |w 2026-01-15 |x [Sebina 5] [1 v.] |y BK |z 1 v. | ||
| 999 | |c 11436 |d 11436 | ||